000 01069nam0a22002771 4500
001 rc\34641
005 20250620153857.0
010 _a5-88825-003-1
_bСнарк
_915000
035 _a(NLR Aleph) 005318702
090 _a6464587
_c6464587
100 _a20021216d1996 |||y0rusy50 ca
101 0 _arus
102 _aRU
105 _ay |||||||||
200 1 _aОпылители Эдема
_e[Романы
_eПер. с англ.]
_fДжон Бойд
210 _aСПб.
_cСеверо-Запад
_cСнарк
_aСаратов
_cИФ "Тролль"
_d1996
215 _a493, [2] с.
_d21
327 1 _aСодерж.: Последний звездолет с Земли; Опылители Эдема
464 0 _12001#$aПоследний звездолет с Земли
_tПоследний звездолет с Земли
464 0 _12001#$aОпылители Эдема
_tОпылители Эдема
700 1 _aБойд
_bД.
_f1919-
_gДжон
801 0 _aRU
_bNLR
_gpsbo
801 1 _aRU
_bELAR
_2rusmarc
852 _aNLR
_j97-3/1290
942 _cBOOK
980 _aNB